00408nam a2200157Ia 45000010006000000050017000060080041000230410008000640820016000721000023000882450086001112600009001973000028002066500008002346540008002421982520260306172721.0260306t1987||||xx |||||||||||||| ||spa|| aESP a341.11bC85 aCotta, SergioeAUT 0aEl derecho en la existencia humana:bprincipios de ontofenomenología jurídica c1987 a248 páginas :c21 cm. aGEN aCDE